Sams Teach Yourself Adobe Photoshop 7 in 24 Hours (Record no. 4022)
[ view plain ]
| 000 -LEADER | |
|---|---|
| fixed length control field | 00363nam a2200145Ia 4500 |
| 008 - FIXED-LENGTH DATA ELEMENTS--GENERAL INFORMATION | |
| fixed length control field | 191201s2009 xx 000 0 und d |
| 082 ## - DEWEY DECIMAL CLASSIFICATION NUMBER | |
| Classification number | 006.6869 |
| Item number | ROS |
| 100 ## - MAIN ENTRY--PERSONAL NAME | |
| Personal name | ROSE, Carla |
| 245 #0 - TITLE STATEMENT | |
| Title | Sams Teach Yourself Adobe Photoshop 7 in 24 Hours |
| 250 ## - EDITION STATEMENT | |
| Edition statement | Rep |
| 260 ## - PUBLICATION, DISTRIBUTION, ETC. (IMPRINT) | |
| Place of publication, distribution, etc | N.Delhi |
| Name of publisher, distributor, etc | Tech media |
| Date of publication, distribution, etc | 2009 |
| 300 ## - PHYSICAL DESCRIPTION | |
| Extent | 462 |
| 650 ## - SUBJECT ADDED ENTRY--TOPICAL TERM | |
| Topical term or geographic name as entry element | B.Tech(IT) |
| 942 ## - ADDED ENTRY ELEMENTS (KOHA) | |
| Source of classification or shelving scheme | Dewey Decimal Classification |
| Koha item type | Text Books |
| Withdrawn status | Lost status | Source of classification or shelving scheme | Damaged status | Not for loan | Collection code | Home library | Current library | Date acquired | Source of acquisition | Cost, normal purchase price | Bill Number | Total Checkouts | Full call number | Acc. no. / Barcode | Date last seen | Date last borrowed | Bill Date | Koha item type |
|---|---|---|---|---|---|---|---|---|---|---|---|---|---|---|---|---|---|---|
| Dewey Decimal Classification | B.Tech(IT) | PIET C-LIBRARY | PIET C-LIBRARY | 21/07/2009 | J B C, New Delhi | 240.00 | SI-1506 | 1 | 006.6869 ROS | 12952 | 16/08/2022 | 12/04/2022 | 14/07/2009 | Text Books | ||||
| Dewey Decimal Classification | B.Tech(IT) | PIET C-LIBRARY | PIET C-LIBRARY | 21/07/2009 | J B C, New Delhi | 240.00 | SI-1506 | 006.6869 ROS | 12953 | 04/12/2019 | 14/07/2009 | Text Books | ||||||
| Dewey Decimal Classification | B.Tech(IT) | PIET C-LIBRARY | PIET C-LIBRARY | 21/07/2009 | J B C, New Delhi | 240.00 | SI-1506 | 006.6869 ROS | 12954 | 04/12/2019 | 14/07/2009 | Text Books | ||||||
| Dewey Decimal Classification | B.Tech(IT) | PIET C-LIBRARY | PIET C-LIBRARY | 21/07/2009 | J B C, New Delhi | 240.00 | SI-1506 | 006.6869 ROS | 12955 | 04/12/2019 | 14/07/2009 | Text Books | ||||||
| Dewey Decimal Classification | B.Tech(IT) | PIET C-LIBRARY | PIET C-LIBRARY | 21/07/2009 | J B C, New Delhi | 240.00 | SI-1506 | 006.6869 ROS | 12956 | 04/12/2019 | 14/07/2009 | Text Books |